| 000 | 00625nam a2200193Ia 4500 | ||
|---|---|---|---|
| 003 | GCL | ||
| 008 | 140319s9999 xx 000 0 ara d | ||
| 040 |
_aGCL / _cGCL |
||
| 082 | 0 | 4 |
_a301.16 _bب م |
| 100 | 1 | _aبيتر، ثيودور | |
| 245 | 1 | 0 |
_aالمجتمع العصرى ووسائل الاتصال بالجماهير / _cبيتر، ثيودور |
| 700 | 1 | _aجنسين، جانى | |
| 700 | 1 | _aريفرز، وليم | |
| 490 |
_aكتب ملخصة _v0 |
||
| 650 | 0 | 4 | _aوسائل الاعلام |
| 650 | 0 | 4 | _aالاتصال - علم اجتماع |
| 650 | 0 | 4 | _aالمجتمعات المفتوحة |
| 942 |
_2ddc _cBK |
||
| 999 |
_c46968 _d46968 |
||